Statistics for World Major Tennis Tournaments

Click here to take the quiz!

General Stats

  • This quiz has been taken 27 times
    (3 since last reset)
  • The average score is 12 of 26

Answer Stats

Level Continent Event % Correct
Grand SlamAmericaUS
100%
Grand SlamEuropeWimbledon
100%
Grand SlamOceaniaAustralian
100%
Masters 1000AmericaCincinnati
100%
Grand SlamEuropeFrench
100%
Masters 1000AmericaIndian Wells
67%
Masters 1000AmericaMiami
67%
Masters 1000EuropeMonte-Carlo
67%
ATP 500AsiaDubai
67%
ATP 500AsiaChina
33%
ATP 500EuropeRotterdam
33%
ATP 500EuropeHamburg
33%
ATP 500EuropeHalle
33%
ATP 500EuropeBarcelona
33%
ATP 500AsiaJapan
33%
ATP 500AmericaMexican
33%
ATP 500AmericaRio
33%
Masters 1000EuropeParis
33%
Masters 1000EuropeMadrid
33%
Masters 1000EuropeItalian
33%
Masters 1000AsiaShanghai
33%
Masters 1000AmericaCanadian
33%
ATP 500EuropeVienna
33%
ATP 500AmericaWashington
0%
ATP 500EuropeQueen's Club
0%
ATP 500EuropeSwiss
0%

Score Distribution

Percentile by Number Answered

Percent of People with Each Score

Your Score History

You have not taken this quiz since the last reset